[Event "Fyli op 4th"]
[Site "Fyli"]
[Date "2012.03.24"]
[Round "1"]
[White "Kehagias, Emmanouil"]
[Black "Tsoukarakis, Dimitrios"]
[Result "1-0"]
[WhiteElo "1365"]
[BlackElo "1000"]
[PlyCount "91"]
[EventDate "2012.03.24"]
[EventType "swiss"]
[EventRounds "7"]
[EventCountry "GRE"]
[SourceTitle "EXT 2013"]
[Source "ChessBase"]
[SourceDate "2012.11.22"]
[SourceVersion "1"]
[SourceVersionDate "2012.11.22"]
[SourceQuality "1"]

1. d3 e5 2. Be3 d5 3. c3 Nf6 4. f3 Nc6 5. Bf2 Nb4 6. a3 Nc6 7. Nd2 Bf5 8. Qc2 b6 9. h3 Bc5 10. e3 0-0 11. g4 Bd7 12. h4 b5 13. 0-0-0 e4 14. d4 Bb6 15. g5 Nh5 16. Be2 Ne7 17. fxe4 dxe4 18. Bxh5 a5 19. Be2 b4 20. Kb1 bxa3 21. b3 a4 22. b4 Ba7 23. Bc4 Rb8 24. Ka1 Bxd4 25. exd4 Nc6 26. Rb1 Qe8 27. Be3 Be6 28. Qa2 Bxc4 29. Nxc4 Qe6 30. Nh3 f6 31. Nf4 Qg4 32. Rbg1 Qf5 33. Nd6+ Qe6 34. Nxe6 cxd6 35. Nc7+ Rf7 36. Nd5 fxg5 37. Rxg5 Kf8 38. Rhg1 Ke8 39. Rxg7 Rxg7 40. Rxg7 Kf8 41. Rxh7 Kg8 42. Rh5 Kg7 43. Rg5+ Kf7 44. Qf2+ Ke8 45. Rg8+ Kd7 46. Qf7+ 1-0